000 01069nam a2200325 i 4500
001 768714001
003 CO-MdFUSB
005 20220819172842.0
008 190912t2007 ck ac||| |||| 00| 0 spa d
020 _a9789586395106
040 _aCO-MdFUSB
_bspa
_cCO-MdFUSB
_dCO-MdFUSBC
_erda
041 _aspa
082 _223
_a920
_bV182a
100 _aVallejo, Virginia
_eautor
245 _aAmando a Pablo, odiando a Escobar.
_c/ Virginia Vallejo.
250 _aprimera edición
264 1 _aBogotá, Colombia :
_bGrijalbo,
_c[2007]
264 4 _c© 2007
300 _a396 páginas
_c; 24 cm
336 _2rdacontent
_atexto
_btxt
337 _2rdamedia
_asin mediación
_bn
338 _2rdacarrier
_avolumen
_bnc
505 _aLos días de la inocencia y del ensueño. -- Los días del esplendor y del espanto. -- Los días de la ausencia y del ensueño.
563 _aRústico
600 0 _aVallejo, Virginia
_xBiografías.
650 0 _9397
_aViolencia política
_2embne
_zColombia
651 0 _aColombia
_xHistoria
_zS. XIX
942 _cBK
945 _aJTF-925
999 _c65213
_d65213